| 000 | 00776cab a2200193 4500 | ||
|---|---|---|---|
| 001 | L136424 | ||
| 008 | 070130n2007 000 0 eng u | ||
| 035 | _a(Sirsi) u136424 | ||
| 041 | 0 | _aeng | |
| 245 | 0 | 0 |
_aEG Finance _bprime monthly yields |
| 260 | _c2007 | ||
| 490 | 0 |
_aEstates Gazette _v(0702)13 October 2007, 54(1) |
|
| 520 | _aAll property yields remained unchanged at 4.5%. Commercial property is performing strongly, estimated at 19% over 2006. Property has regained its place as top performing asset class over 2006, as equities recorded an annual total return of 16.8%. Table and graphs. | ||
| 590 | _aKA | ||
| 650 | 2 | 4 | _aJLL MONTHLY PRIME YIELDS |
| 651 |
_aUnited Kingdom _y |
||
| 690 | _aPROPERTY-COMMERCIAL PROPERTY-COMMERCIAL PROPERTY MARKET | ||
| 942 | _n0 | ||
| 999 |
_c78282 _d78282 |
||